[Event "BCF-chT 2324 (4NCL)"]
[Site "England"]
[Date "2023.11.12"]
[Round "2.5"]
[White "Arora, Tashika"]
[Black "Webb, Laurence"]
[Result "1/2-1/2"]
[WhiteElo "1981"]
[BlackElo "2222"]
[PlyCount "100"]
[EventDate "2023.11.11"]
[EventType "team-tourn"]
[EventRounds "11"]
[EventCountry "ENG"]
[SourceTitle "CB46_2023"]
[SourceDate "2023.11.15"]
[SourceVersion "1"]
[SourceVersionDate "2023.11.15"]
[SourceQuality "1"]
[WhiteTeam "Oxford"]
[BlackTeam "Blackthorne Russia"]
[WhiteTeamCountry "ENG"]
[BlackTeamCountry "ENG"]

1. d4 Nf6 2. c4 e6 3. g3 c5 4. d5 exd5 5. cxd5 b5 6. Bg2 d6 7. e4 Nbd7 8. Ne2 g6 9. 0-0 Bg7 10. Qc2 0-0 11. Bf4 Nb6 12. Nd2 Nh5 13. Be3 a5 14. Rfe1 Re8 15. Bf1 Ba6 16. Nc3 b4 17. Nd1 Bxf1 18. Rxf1 a4 19. Rb1 Nf6 20. f3 Nfd7 21. Bf2 Qc8 22. b3 axb3 23. axb3 Qa6 24. Ne3 Ne5 25. f4 Nd3 26. Nec4 Nxf2 27. Kxf2 Bd4+ 28. Kg2 Qa2 29. Qxa2 Rxa2 30. Kf3 Nc8 31. Rbc1 Rd8 32. Ke2 Ne7 33. Kd3 f5 34. Nf3 fxe4+ 35. Kxe4 Bc3 36. g4 Re2+ 37. Kd3 Rg2 38. Ne3 Ra2 39. h4 Rf8 40. Ke4 Re2 41. Kd3 Rxe3+ 42. Kxe3 Nxd5+ 43. Ke4 Nf6+ 44. Kd3 Nxg4 45. Ng5 d5 46. Ne6 Re8 47. Rxc3 bxc3 48. Nxc5 Re3+ 49. Kd4 c2 50. Rc1 Re2 1/2-1/2

[Event "Barcelona Sant Marti op-A 23rd"]
[Site "Barcelona"]
[Date "2023.07.13"]
[Round "1"]
[White "Vinolas Anglada, Laura"]
[Black "Webb, Laurence"]
[Result "0-1"]
[WhiteElo "1867"]
[BlackElo "2171"]
[PlyCount "96"]
[EventDate "2023.07.13"]
[EventType "swiss"]
[EventRounds "9"]
[EventCountry "ESP"]
[SourceTitle "CBM 215 Extra"]
[Source "ChessBase"]
[SourceDate "2023.09.30"]
[SourceVersion "1"]
[SourceVersionDate "2023.09.30"]
[SourceQuality "1"]

1. e4 e6 2. d4 d5 3. Nc3 Bb4 4. e5 c5 5. Bd2 Nh6 6. Nf3 Nc6 7. a3 Bxc3 8. Bxc3 cxd4 9. Bxd4 Nf5 10. Bc3 d4 11. Bb4 Qb6 12. Bd3 Nxb4 13. axb4 Qxb4+ 14. Qd2 Qxb2 15. 0-0 0-0 16. Qf4 Bd7 17. g4 Ne7 18. Ng5 Ng6 19. Qg3 Bc6 20. f4 h6 21. Ne4 Bxe4 22. Bxe4 d3 23. Bxd3 Qd4+ 24. Kh1 a5 25. Rae1 a4 26. f5 Ne7 27. f6 Ng6 28. Re4 Qd5 29. Kg1 a3 30. Qf2 a2 31. fxg7 Kxg7 32. Qf6+ Kg8 33. Ree1 Qd8 34. Qf2 Qg5 35. h3 Nxe5 36. Be4 Ra3 37. Bg2 Qg7 38. Ra1 Nc4 39. Qc5 Qc3 40. Qh5 Ne3 41. Rfc1 Nxg2 42. Kxg2 Qg3+ 43. Kh1 Qxh3+ 44. Qxh3 Rxh3+ 45. Kg2 Ra3 46. c4 Rfa8 47. Rc2 R8a4 48. c5 Rxg4+ 0-1

[Event "BCF-chT 2223 (4NCL)"]
[Site "England"]
[Date "2023.02.11"]
[Round "5.1"]
[White "Arkell, Keith C"]
[Black "Webb, Laurence"]
[Result "1-0"]
[WhiteElo "2413"]
[BlackElo "2156"]
[PlyCount "137"]
[EventDate "2022.10.22"]
[EventType "team-swiss"]
[EventRounds "11"]
[EventCountry "ENG"]
[SourceTitle "CBM 213 Extra"]
[Source "ChessBase"]
[SourceDate "2023.05.31"]
[SourceVersion "1"]
[SourceVersionDate "2023.05.31"]
[SourceQuality "1"]
[WhiteTeam "Cheddleton"]
[BlackTeam "Blackthorne Russia"]
[WhiteTeamCountry "ENG"]
[BlackTeamCountry "ENG"]

1. d4 Nf6 2. Nf3 c5 3. d5 g6 4. Nc3 Bg7 5. e4 d6 6. Bb5+ Bd7 7. a4 0-0 8. h3 Bxb5 9. axb5 Nbd7 10. 0-0 Ne8 11. Bf4 Nc7 12. Qe2 a6 13. bxa6 Rxa6 14. Rxa6 Nxa6 15. Nb5 Nc7 16. c3 Nxb5 17. Qxb5 Qc7 18. Ra1 h6 19. Ra7 Rb8 20. Nd2 Nb6 21. Qa5 Rc8 22. Be3 Kh7 23. Qb5 Rb8 24. Nb1 Nc8 25. Ra5 e6 26. dxe6 fxe6 27. Nd2 Ne7 28. Ra1 Nc6 29. Nf3 b6 30. Bf4 Rf8 31. Bg3 Be5 32. Nxe5 dxe5 33. b4 cxb4 34. cxb4 Nd4 35. Qxe5 Qd7 36. Qd6 Qxd6 37. Bxd6 Rf7 38. Ra8 g5 39. Re8 Rd7 40. Be5 Nc6 41. Rxe6 Nxb4 42. Rxb6 Rd1+ 43. Kh2 Nd3 44. Rb7+ Kg8 45. Rd7 Kf8 46. Bg7+ Ke8 47. Rd5 h5 48. f3 Kf7 49. Bc3 h4 50. g3 hxg3+ 51. Kxg3 Rg1+ 52. Kh2 Rd1 53. h4 gxh4 54. f4 Rf1 55. Rxd3 Rxf4 56. e5 Rc4 57. Rf3+ Ke6 58. Rf6+ Ke7 59. Rf3 Ke6 60. Kg2 Ra4 61. Rf6+ Ke7 62. Rc6 Kd7 63. Rd6+ Ke7 64. Bd4 Ra3 65. Rh6 Rg3+ 66. Kh2 Rg4 67. Bc5+ Kf7 68. Kh3 Re4 69. Bd6 1-0

[Event "Sitges Sunway op 9th"]
[Site "Sitges"]
[Date "2022.12.12"]
[Round "1"]
[White "Yu, Yangyi"]
[Black "Webb, Laurence"]
[Result "1-0"]
[WhiteElo "2728"]
[BlackElo "2201"]
[PlyCount "79"]
[EventDate "2022.12.12"]
[EventType "swiss"]
[EventRounds "10"]
[EventCountry "ESP"]
[SourceTitle "CBM 211 Extra"]
[Source "ChessBase"]
[SourceDate "2023.01.31"]
[SourceVersion "1"]
[SourceVersionDate "2023.01.31"]
[SourceQuality "1"]

1. Nf3 Nf6 2. c4 g6 3. Nc3 Bg7 4. d4 c5 5. d5 d6 6. e4 0-0 7. h3 Na6 8. Bd3 Nc7 9. Bg5 a6 10. a4 Rb8 11. a5 b5 12. axb6 Rxb6 13. Qd2 e6 14. 0-0 exd5 15. exd5 Re8 16. Qf4 Nh5 17. Qc1 Bf6 18. Bh6 Bg7 19. Rb1 Bxh6 20. Qxh6 Qf6 21. Ne4 Qg7 22. Qd2 Bf5 23. Rfe1 Bxe4 24. Rxe4 Rxe4 25. Bxe4 Nf6 26. Bc2 Nd7 27. Ba4 Ne5 28. Nxe5 Qxe5 29. b3 Rb8 30. Re1 Qf6 31. Qa5 Qd8 32. Re3 Kg7 33. g3 Rb4 34. Re8 Rxa4 35. Qc3+ Qf6 36. Rg8+ Kxg8 37. Qxf6 Ne8 38. Qe7 Ra1+ 39. Kg2 Ng7 40. Qd8+ 1-0

[Event "Sitges op 46th"]
[Site "Sitges"]
[Date "2022.07.27"]
[Round "6"]
[White "Altisen Palmada, Roberto"]
[Black "Webb, Laurence"]
[Result "0-1"]
[WhiteElo "1934"]
[BlackElo "2144"]
[PlyCount "60"]
[EventDate "2022.07.22"]
[EventType "swiss"]
[EventRounds "9"]
[EventCountry "ESP"]
[SourceTitle "CBM 209 Extra"]
[Source "ChessBase"]
[SourceDate "2022.09.30"]
[SourceVersion "1"]
[SourceVersionDate "2022.09.30"]
[SourceQuality "1"]

1. e4 c6 2. d4 d5 3. e5 Bf5 4. Bd3 Bxd3 5. Qxd3 e6 6. Ne2 c5 7. dxc5 Nc6 8. f4 Bxc5 9. Be3 Bxe3 10. Qxe3 Nge7 11. Nd2 Nf5 12. Qb3 0-0 13. 0-0 Rc8 14. c3 Qe7 15. Kh1 Qc5 16. Rf3 Na5 17. Qd1 Nc4 18. b3 Nxd2 19. Qxd2 h5 20. Rg1 Rfd8 21. g4 hxg4 22. Rxg4 d4 23. c4 b5 24. cxb5 Qxb5 25. Rd3 Qc6+ 26. Kg1 Qc2 27. Rg2 Qxd2 28. Rxd2 d3 29. Ng3 Rc2 30. Ne4 Rd4 0-1

[Event "BCF-chT 2122 (4NCL)"]
[Site "England"]
[Date "2022.06.25"]
[Round "10.95"]
[White "Shearsby, Jude"]
[Black "Webb, Laurence"]
[Result "0-1"]
[WhiteElo "1814"]
[BlackElo "2100"]
[PlyCount "94"]
[EventDate "2021.11.27"]
[EventType "team-swiss"]
[EventRounds "11"]
[EventCountry "ENG"]
[SourceTitle "EXT 2023"]
[Source "ChessBase"]
[SourceDate "2022.10.05"]
[SourceVersion "1"]
[SourceVersionDate "2022.10.05"]
[SourceQuality "1"]
[WhiteTeam "Warwicks Select"]
[BlackTeam "Blackthorne Russia"]
[WhiteTeamCountry "ENG"]
[BlackTeamCountry "ENG"]

1. e4 e6 2. d4 d5 3. Nc3 Bb4 4. e5 c5 5. a3 Bxc3+ 6. bxc3 Qa5 7. Bd2 Qa4 8. Qb1 c4 9. Be2 Nc6 10. Bh5 g6 11. Bf3 Bd7 12. Ne2 0-0-0 13. 0-0 h6 14. Nf4 Nge7 15. Ra2 Rdf8 16. Re1 f6 17. exf6 Rxf6 18. Bg4 Nd8 19. Qb4 Qxb4 20. axb4 a6 21. b5 Bxb5 22. Nxe6 Nxe6 23. Rxe6 Rxe6 24. Bxe6+ Bd7 25. Bxd7+ Kxd7 26. g4 Nc6 27. h4 h5 28. gxh5 gxh5 29. Rb2 b5 30. Kg2 Re8 31. Ra2 a5 32. Rb2 Rb8 33. Kf3 b4 34. cxb4 axb4 35. c3 b3 36. Kf4 Rg8 37. Kf5 Rf8+ 38. Kg5 Rxf2 39. Kxh5 Nxd4 40. Bc1 Rf1 41. Be3 Nf5 42. Bg5 Ng3+ 43. Kg6 Ne4 44. Bd2 Ke6 45. h5 Rg1+ 46. Kh7 Nf6+ 47. Kh6 Rh1 0-1

[Event "BCF-chT 2122 (4NCL)"]
[Site "England"]
[Date "2022.04.30"]
[Round "7.105"]
[White "Snape, Ian L"]
[Black "Webb, Laurence"]
[Result "1/2-1/2"]
[WhiteElo "2127"]
[BlackElo "2100"]
[PlyCount "93"]
[EventDate "2021.11.27"]
[EventType "team-swiss"]
[EventRounds "11"]
[EventCountry "ENG"]
[SourceTitle "EXT 2023"]
[Source "ChessBase"]
[SourceDate "2022.10.05"]
[SourceVersion "1"]
[SourceVersionDate "2022.10.05"]
[SourceQuality "1"]
[WhiteTeam "The ADS"]
[BlackTeam "Blackthorne Russia"]
[WhiteTeamCountry "ENG"]
[BlackTeamCountry "ENG"]

1. Nf3 Nf6 2. c4 g6 3. Nc3 Bg7 4. e4 d6 5. d4 0-0 6. Be2 c5 7. 0-0 Nc6 8. d5 Na5 9. Rb1 Bd7 10. a3 b6 11. Nd2 a6 12. f4 Rb8 13. a4 Ne8 14. Qc2 Nc7 15. b3 b5 16. axb5 axb5 17. cxb5 Nxb5 18. Nxb5 Bxb5 19. Bxb5 Rxb5 20. Bb2 Bxb2 21. Rxb2 Qb6 22. Kh1 Rb8 23. e5 c4 24. Nxc4 Nxc4 25. Qxc4 Rxb3 26. Rxb3 Qxb3 27. Qc7 Qb1 28. Rc1 Rb7 29. Qc8+ Kg7 30. exd6 exd6 31. Qc3+ f6 32. Qc6 Qb4 33. h3 Re7 34. Rf1 h5 35. Qc2 Qe4 36. Qc6 Qd3 37. Kg1 Qg3 38. Qc4 Qe3+ 39. Kh1 Qe2 40. Qc1 h4 41. Qa1 Qd3 42. Re1 Rb7 43. Qa8 Rb1 44. Qe8 Rxe1+ 45. Qxe1 Qxd5 46. Qe7+ Qf7 47. Qxd6 1/2-1/2

[Event "BCF-chT 2122 (4NCL)"]
[Site "England"]
[Date "2022.02.12"]
[Round "3.66"]
[White "Pollack, Oscar"]
[Black "Webb, Laurence"]
[Result "1/2-1/2"]
[WhiteElo "2014"]
[BlackElo "2100"]
[PlyCount "204"]
[EventDate "2021.11.27"]
[EventType "team-swiss"]
[EventRounds "11"]
[EventCountry "ENG"]
[SourceTitle "EXT 2023"]
[Source "ChessBase"]
[SourceDate "2022.10.05"]
[SourceVersion "1"]
[SourceVersionDate "2022.10.05"]
[SourceQuality "1"]
[WhiteTeam "Barnet Knights"]
[BlackTeam "Blackthorne Russia"]
[WhiteTeamCountry "ENG"]
[BlackTeamCountry "ENG"]

1. d4 e6 2. Nf3 Nf6 3. e3 c5 4. b3 d5 5. Bb2 Nc6 6. Nbd2 Bd6 7. dxc5 Bxc5 8. Bd3 0-0 9. 0-0 Bd7 10. a3 Qe7 11. b4 Bb6 12. c4 Rad8 13. Qc2 h6 14. Rfd1 Bc8 15. cxd5 exd5 16. b5 Nb8 17. Nd4 Be6 18. N2b3 Rc8 19. Qe2 Nbd7 20. a4 Rfe8 21. Ba3 Qd8 22. Nxe6 Rxe6 23. a5 Bc7 24. Nd4 Re5 25. a6 bxa6 26. Nc6 Qe8 27. Nxe5 Qxe5 28. g3 axb5 29. Bb2 Qd6 30. Rxa7 Bb6 31. Raa1 b4 32. Bf5 Rd8 33. Qb5 Qc5 34. Qd3 Qd6 35. Rac1 Ne5 36. Bxe5 Qxe5 37. Rc6 Rb8 38. Rdc1 g5 39. Bh3 Kg7 40. Qf5 Qxf5 41. Bxf5 d4 42. exd4 Bxd4 43. Rc8 Rb6 44. R1c4 Bc3 45. R8c7 Ne8 46. R7c6 Rb7 47. Ra6 Nf6 48. Rac6 Rb8 49. Rc7 Ne8 50. Rd7 Nf6 51. Ra7 Be5 52. Ra5 Bd6 53. Ra6 Be5 54. Rcc6 Bd4 55. Rd6 Bc5 56. Rxf6 b3 57. Rfc6 Bd4 58. Rc7 b2 59. Rg6+ Kf8 60. Rxh6 b1Q+ 61. Bxb1 Rxb1+ 62. Kg2 Rb2 63. Kh3 Kg7 64. Rhc6 Rxf2 65. Rc2 Rf1 66. Rd2 Be5 67. Rc5 f6 68. Kg4 Re1 69. Kh5 Kf7 70. Rc6 Ke7 71. Kg4 Ra1 72. Rd3 Ra2 73. h4 gxh4 74. gxh4 Rg2+ 75. Kh5 Rg8 76. Rb3 Kd7 77. Ra6 Rh8+ 78. Kg4 Kc7 79. Rh3 Kd7 80. h5 Rg8+ 81. Kf5 Rg5+ 82. Ke4 Rg4+ 83. Kd5 Rd4+ 84. Kc5 Ke7 85. h6 Rd8 86. h7 Rh8 87. Kd5 Kf7 88. Ra7+ Kg6 89. Rh1 Bf4 90. Ke6 Bg5 91. Re7 Bf4 92. Kd5 Bg5 93. Rc7 Rd8+ 94. Ke4 Re8+ 95. Kf3 Rh8 96. Rh2 Bh6 97. Kg4 Rxh7 98. Rxh7 Kxh7 99. Kf5 Kg7 100. Ra2 Bg5 101. Ra7+ Kf8 102. Ke6 Kg8 1/2-1/2

[Event "BCF-chT 2122 (4NCL)"]
[Site "England"]
[Date "2021.11.27"]
[Round "1.104"]
[White "Clarke, Connor"]
[Black "Webb, Laurence"]
[Result "1/2-1/2"]
[WhiteElo "1830"]
[BlackElo "2100"]
[PlyCount "109"]
[EventDate "2021.11.27"]
[EventType "team-swiss"]
[EventRounds "11"]
[EventCountry "ENG"]
[SourceTitle "EXT 2023"]
[Source "ChessBase"]
[SourceDate "2022.10.05"]
[SourceVersion "1"]
[SourceVersionDate "2022.10.05"]
[SourceQuality "1"]
[WhiteTeam "Chessable White Rose II"]
[BlackTeam "Blackthorne Russia"]
[WhiteTeamCountry "ENG"]
[BlackTeamCountry "ENG"]

1. d4 Nf6 2. Nc3 d5 3. Bf4 e6 4. Nb5 Bd6 5. Nxd6+ cxd6 6. e3 Nc6 7. Nf3 Qe7 8. Bb5 Bd7 9. 0-0 a6 10. Bxc6 Bxc6 11. b3 h6 12. c4 Nh5 13. Bg3 Nxg3 14. hxg3 0-0 15. Re1 dxc4 16. bxc4 b5 17. Qc2 bxc4 18. Qxc4 Rfc8 19. Rec1 Qb7 20. Qe2 Be4 21. Ne1 Rab8 22. f3 Bg6 23. Nd3 Qb5 24. Nf4 Qxe2 25. Nxe2 Bd3 26. Rxc8+ Rxc8 27. Rc1 Rxc1+ 28. Nxc1 Bc4 29. Kf2 Kf8 30. e4 Ke7 31. Ke3 Kd7 32. d5 exd5 33. Kd4 Bf1 34. exd5 Bxg2 35. f4 Bf1 36. Nb3 Bb5 37. Nd2 Ke7 38. Ne4 f5 39. Nd2 Kf6 40. a3 g5 41. Ke3 Kg6 42. g4 fxg4 43. Ne4 Bc4 44. f5+ Kxf5 45. Nxd6+ Ke5 46. Nxc4+ Kxd5 47. Nd2 a5 48. Ne4 Kc4 49. Ng3 Kb3 50. Kd3 Kxa3 51. Kc3 Ka2 52. Kc2 a4 53. Nh5 Ka3 54. Kc3 Ka2 55. Kc2 1/2-1/2

[Event "British OTB-ch"]
[Site "Hull"]
[Date "2021.10.06"]
[Round "5"]
[White "Webb, Laurence"]
[Black "Eggleston, David"]
[Result "0-1"]
[WhiteElo "2184"]
[BlackElo "2356"]
[PlyCount "56"]
[EventDate "2021.10.02"]
[EventType "swiss"]
[EventRounds "9"]
[EventCountry "ENG"]
[SourceTitle "EXT 2022"]
[Source "ChessBase"]
[SourceDate "2021.10.06"]
[SourceVersion "1"]
[SourceVersionDate "2021.10.06"]
[SourceQuality "1"]

1. d4 e6 2. c4 Nf6 3. Nf3 Bb4+ 4. Bd2 Bxd2+ 5. Qxd2 b6 6. Nc3 Bb7 7. g3 0-0 8. Bg2 d5 9. cxd5 exd5 10. 0-0 Nbd7 11. Rfd1 Qe7 12. Qf4 c6 13. Rac1 Rfe8 14. Nh4 g6 15. Bh3 Nf8 16. Nf3 Rad8 17. Qe5 Ne6 18. Bxe6 fxe6 19. Qg5 c5 20. e3 Nd7 21. Nb5 e5 22. Nc7 Qxg5 23. Nxg5 Re7 24. Nxd5 Bxd5 25. dxc5 Nxc5 26. e4 h6 27. b4 Nb7 28. exd5 hxg5 0-1

[Event "London Muswell Hill IM"]
[Site "London"]
[Date "2021.08.11"]
[Round "5"]
[White "Czopor, Maciej"]
[Black "Webb, Laurence"]
[Result "1-0"]
[WhiteElo "2376"]
[BlackElo "2293"]
[PlyCount "101"]
[EventDate "2021.08.09"]
[EventType "tourn"]
[EventRounds "9"]
[EventCountry "ENG"]
[EventCategory "3"]
[SourceTitle "CBM 203 Extra"]
[Source "ChessBase"]
[SourceDate "2021.09.30"]
[SourceVersion "1"]
[SourceVersionDate "2021.09.30"]
[SourceQuality "1"]

1. c4 e5 2. Nc3 Nf6 3. e3 Bb4 4. Qc2 0-0 5. a3 Bxc3 6. Qxc3 Re8 7. d3 c6 8. Nf3 d5 9. Be2 e4 10. dxe4 dxe4 11. Nd4 c5 12. Nb3 b6 13. Bd2 Nc6 14. 0-0-0 a5 15. f4 Bg4 16. Be1 Qe7 17. Bxg4 Nxg4 18. h3 Nh6 19. Rd5 Rad8 20. g4 a4 21. Nd2 Rxd5 22. cxd5 Na5 23. Nc4 Nb3+ 24. Kb1 Qd8 25. Kc2 b5 26. Na5 Qxd5 27. Nxb3 axb3+ 28. Qxb3 c4 29. Qc3 Rd8 30. Bd2 f5 31. g5 Nf7 32. Qa5 b4 33. Qxb4 Nd6 34. Re1 Nb7 35. Bc3 Nc5 36. Kb1 Kf7 37. Qb6 Nb3 38. Ka2 Rd6 39. Qb4 Kg6 40. Be5 Rd7 41. Qb6+ Kf7 42. Rg1 Qe6 43. g6+ hxg6 44. Qxe6+ Kxe6 45. Rxg6+ Kd5 46. Rxg7 Rd8 47. h4 Nc1+ 48. Kb1 Nd3 49. Bc3 Ke6 50. h5 Nc5 51. Rg1 1-0